[Event "NOR-chT Club"]
[Site "Bergen"]
[Date "2023.05.19"]
[Round "2.8"]
[White "Hagen, Anders Gjerdrum"]
[Black "Areklett, Ivar"]
[Result "1/2-1/2"]
[WhiteElo "2146"]
[BlackElo "1981"]
[PlyCount "63"]
[EventDate "2023.05.18"]
[EventType "team-swiss"]
[EventRounds "6"]
[EventCountry "NOR"]
[SourceTitle "CBM 214 Extra"]
[Source "ChessBase"]
[SourceDate "2023.07.31"]
[SourceVersion "1"]
[SourceVersionDate "2023.07.31"]
[SourceQuality "1"]
[WhiteTeam "Offerspill"]
[BlackTeam "Haugaland"]
[WhiteTeamCountry "NOR"]
[BlackTeamCountry "NOR"]

1. d4 Nf6 2. c4 Nc6 3. Nf3 d6 4. Nc3 e5 5. d5 Ne7 6. e4 Ng6 7. Be2 Be7 8. 0-0 0-0 9. Ne1 Ne8 10. Bg4 f5 11. Bxf5 Bxf5 12. exf5 Rxf5 13. Ne4 Nf4 14. Nd3 Nxd3 15. Qxd3 Rf7 16. Be3 h6 17. Rae1 Nf6 18. f4 Nxe4 19. Qxe4 exf4 20. Rxf4 Rxf4 21. Bxf4 Bf6 22. Qg6 Bd4+ 23. Kh1 Qf6 24. Qxf6 Bxf6 25. b3 Rf8 26. g3 Kf7 27. Kg2 h5 28. h4 Re8 29. Rxe8 Kxe8 30. Kf3 Kf7 31. Ke4 Kg6 32. Be3 1/2-1/2

[Event "NOR-chT Club"]
[Site "Drammen"]
[Date "2019.05.30"]
[Round "5"]
[White "Areklett, Ivar"]
[Black "Grave, Jacob Templen"]
[Result "1-0"]
[WhiteElo "1984"]
[BlackElo "1747"]
[PlyCount "91"]
[EventDate "2019.05.30"]
[EventType "team-swiss"]
[EventRounds "6"]
[EventCountry "NOR"]
[SourceTitle "CBM 190 Extra"]
[Source "ChessBase"]
[SourceDate "2019.07.15"]
[SourceVersion "1"]
[SourceVersionDate "2019.07.15"]
[SourceQuality "1"]
[WhiteTeam "Sevland"]
[BlackTeam "Tonsberg"]
[WhiteTeamCountry "NOR"]
[BlackTeamCountry "NOR"]

1. e4 c6 2. d4 d5 3. Nc3 dxe4 4. Nxe4 Bf5 5. Ng3 Bg6 6. N1e2 e6 7. h4 h6 8. Nf4 Bh7 9. Nfh5 Nf6 10. c3 Nbd7 11. Bf4 Nxh5 12. Nxh5 Nf6 13. Bc4 Nxh5 14. Qxh5 Qf6 15. Qf3 Rd8 16. Qg3 Qg6 17. Rh3 Be7 18. Kf1 Qxg3 19. Rxg3 Bxh4 20. Rxg7 Bg6 21. Be5 Rf8 22. g3 Be7 23. Ke2 Kd7 24. Rh1 Rh8 25. Bd3 Rdg8 26. Bxg6 Rxg7 27. Bxf7 Rxf7 28. Bxh8 Rh7 29. Be5 Bd6 30. Bxd6 Kxd6 31. Rh5 Ke7 32. Ke3 Kf6 33. Ke4 Kg6 34. g4 Rf7 35. f4 Kg7 36. Ke5 Kg6 37. Rh2 Rf8 38. Rf2 Rf6 39. a4 Kg7 40. a5 h5 41. gxh5 Rf5+ 42. Kxe6 Rxh5 43. f5 Kf8 44. a6 bxa6 45. Kd6 Rh6+ 46. f6 1-0

[Event "NOR-chT Club"]
[Site "Bergen"]
[Date "2018.05.13"]
[Round "6.7"]
[White "Urkedal, Frode Olav Olsen"]
[Black "Areklett, Ivar"]
[Result "1-0"]
[WhiteElo "2548"]
[BlackElo "1967"]
[PlyCount "81"]
[EventDate "2018.05.10"]
[EventType "team-swiss"]
[EventRounds "6"]
[EventCountry "NOR"]
[SourceTitle "EXT 2019"]
[Source "ChessBase"]
[SourceDate "2018.10.10"]
[SourceVersion "1"]
[SourceVersionDate "2018.10.10"]
[SourceQuality "1"]
[WhiteTeam "Oslo SK 1911"]
[BlackTeam "Sevland II"]
[WhiteTeamCountry "NOR"]
[BlackTeamCountry "NOR"]

1. d4 Nf6 2. c4 Nc6 3. Nf3 d6 4. Nc3 e5 5. d5 Ne7 6. e4 Ng6 7. Be2 Be7 8. 0-0 0-0 9. Ne1 Ne8 10. Bg4 Bg5 11. Bxc8 Rxc8 12. Qg4 Bxc1 13. Rxc1 Ne7 14. Nd3 f5 15. exf5 Nxf5 16. Rcd1 Qh4 17. Qxh4 Nxh4 18. f4 exf4 19. Nxf4 g6 20. Nb5 a6 21. Ne6 Rxf1+ 22. Rxf1 Nf5 23. g4 axb5 24. gxf5 gxf5 25. Rxf5 h6 26. Rf8+ Kh7 27. cxb5 b6 28. a4 Ra8 29. b3 Rc8 30. Kg2 Ra8 31. h4 Rc8 32. h5 Ra8 33. Kf1 Rc8 34. Ke1 Ra8 35. Kd2 Rc8 36. Kc2 Ra8 37. Kb2 Rc8 38. b4 Ra8 39. Kb3 Rc8 40. a5 Ra8 41. a6 1-0

[Event "Oslo op"]
[Site "Oslo"]
[Date "2014.04.06"]
[Round "4"]
[White "Areklett, Ivar"]
[Black "Synnestvedt, Jan"]
[Result "1-0"]
[WhiteElo "2098"]
[BlackElo "1932"]
[PlyCount "63"]
[EventDate "2014.04.04"]
[EventType "swiss"]
[EventRounds "5"]
[EventCountry "NOR"]
[SourceTitle "EXT 2016"]
[Source "ChessBase"]
[SourceDate "2015.10.08"]
[SourceVersion "1"]
[SourceVersionDate "2015.10.08"]
[SourceQuality "1"]

1. e4 e6 2. d3 d5 3. Nd2 Nf6 4. g3 dxe4 5. dxe4 Bc5 6. Bg2 0-0 7. Ngf3 b6 8. 0-0 Ba6 9. c4 Nc6 10. e5 Ng4 11. Qe2 Rb8 12. Ne4 Be7 13. Bf4 Qe8 14. h3 Nh6 15. Bxh6 gxh6 16. Nf6+ Bxf6 17. exf6 Kh8 18. Qe3 Bxc4 19. Qxh6 Rg8 20. Ng5 Rxg5 21. Qxg5 Qg8 22. Qxg8+ Rxg8 23. Bxc6 Bxf1 24. Kxf1 Rg6 25. Rd1 Rxf6 26. Rd7 Kg7 27. Rxc7 e5 28. Bd5 a5 29. Rc6 Rxc6 30. Bxc6 f5 31. Ke2 Kf6 32. Ke3 1-0

[Event "Oslo op"]
[Site "Oslo"]
[Date "2014.04.06"]
[Round "5"]
[White "Holleland, Sigve"]
[Black "Areklett, Ivar"]
[Result "1/2-1/2"]
[WhiteElo "1704"]
[BlackElo "2098"]
[PlyCount "70"]
[EventDate "2014.04.04"]
[EventType "swiss"]
[EventRounds "5"]
[EventCountry "NOR"]
[SourceTitle "EXT 2016"]
[Source "ChessBase"]
[SourceDate "2015.10.08"]
[SourceVersion "1"]
[SourceVersionDate "2015.10.08"]
[SourceQuality "1"]

1. c4 Nf6 2. Nf3 d6 3. d4 Nc6 4. Nc3 e5 5. d5 Ne7 6. e4 Ng6 7. g3 Be7 8. Bg2 0-0 9. Bd2 Nh5 10. Ng1 Nf6 11. Nge2 Ne8 12. h4 f5 13. h5 Nh8 14. Qc2 Bg5 15. f4 exf4 16. Bxf4 Nf7 17. exf5 Nh6 18. f6 Bxf4 19. fxg7 Bxg3+ 20. Nxg3 Nxg7 21. Be4 Bf5 22. Nxf5 Ngxf5 23. 0-0-0 Qf6 24. Rdf1 Rf7 25. Kb1 Raf8 26. Rh2 Kh8 27. Rhf2 Qg5 28. Qd1 Qg7 29. Qd3 Qe5 30. Ne2 Rf6 31. Ng1 R6f7 32. Nf3 Qf6 33. Nd2 Qe5 34. Nf3 Qf6 35. Nd2 Qe5 1/2-1/2

[Event "Oslo op"]
[Site "Oslo"]
[Date "2014.04.04"]
[Round "3"]
[White "Aubert, Carsten"]
[Black "Areklett, Ivar"]
[Result "0-1"]
[WhiteElo "1999"]
[BlackElo "2098"]
[PlyCount "78"]
[EventDate "2014.04.04"]
[EventType "swiss"]
[EventRounds "5"]
[EventCountry "NOR"]
[SourceTitle "EXT 2016"]
[Source "ChessBase"]
[SourceDate "2015.10.08"]
[SourceVersion "1"]
[SourceVersionDate "2015.10.08"]
[SourceQuality "1"]

1. d4 Nf6 2. c4 Nc6 3. Nf3 d6 4. Nc3 e5 5. d5 Ne7 6. e3 Ng6 7. Bd3 Be7 8. Qc2 0-0 9. h3 Nd7 10. Bf5 a5 11. b3 Nc5 12. g4 Bf6 13. Ne4 b6 14. Bd2 Bxf5 15. gxf5 Nh4 16. Nxh4 Bxh4 17. 0-0-0 Qd7 18. Nxc5 bxc5 19. Bc3 a4 20. Kb2 Ra7 21. Rb1 Rfa8 22. Kc1 axb3 23. axb3 Ra2 24. Bb2 Qe7 25. Rg1 Bf6 26. Qe4 Qd8 27. Kc2 Qb8 28. Ra1 R8a3 29. Rgb1 Qxb3+ 30. Kc1 Ra4 31. Rxa2 Qxa2 32. Bxe5 Rxc4+ 33. Kd1 h6 34. Bd4 cxd4 35. Rb8+ Kh7 36. Qe8 Qc2+ 37. Ke1 Qxf5 38. Qxf7 Rc1+ 39. Kd2 Qc2# 0-1

[Event "Cesenatico op 9th"]
[Site "Cesenatico"]
[Date "2004.09.08"]
[Round "5"]
[White "Bentivegna, Francesco"]
[Black "Areklett, Ivar"]
[Result "1/2-1/2"]
[WhiteElo "2250"]
[BlackElo "2105"]
[PlyCount "76"]
[EventDate "2004.09.04"]
[EventType "swiss"]
[EventRounds "9"]
[EventCountry "ITA"]
[SourceTitle "EXT 2007"]
[Source "ChessBase"]
[SourceDate "2006.11.23"]
[SourceVersion "1"]
[SourceVersionDate "2006.11.23"]
[SourceQuality "1"]

1. d4 Nf6 2. Bg5 d6 3. Bxf6 exf6 4. c4 f5 5. e3 Nd7 6. Nc3 Nf6 7. g3 Be7 8. Bg2 0-0 9. Nge2 Re8 10. 0-0 Bf8 11. Qd3 c6 12. b4 Qe7 13. b5 Ne4 14. a4 h5 15. a5 h4 16. a6 g6 17. axb7 Bxb7 18. bxc6 Bxc6 19. Nf4 hxg3 20. hxg3 Qg5 21. Nfd5 Bxd5 22. Nxd5 Bg7 23. Nc7 Nxg3 24. Nxe8 Rxe8 25. fxg3 Rxe3 26. Qd2 Qxg3 27. Rad1 Re4 28. Qf2 Bxd4 29. Rxd4 Qxf2+ 30. Rxf2 Rxd4 31. Bd5 Rd1+ 32. Kg2 Ra1 33. Rb2 Kg7 34. Rb7 g5 35. Rxf7+ Kg6 36. Rd7 Ra6 37. Bb7 Rb6 38. Bd5 Ra6 1/2-1/2

[Event "Cesenatico op 9th"]
[Site "Cesenatico"]
[Date "2004.09.06"]
[Round "3"]
[White "Areklett, Ivar"]
[Black "Del Nevo, Claudio"]
[Result "1-0"]
[WhiteElo "2105"]
[BlackElo "1941"]
[PlyCount "79"]
[EventDate "2004.09.04"]
[EventType "swiss"]
[EventRounds "9"]
[EventCountry "ITA"]
[SourceTitle "EXT 2007"]
[Source "ChessBase"]
[SourceDate "2006.11.23"]
[SourceVersion "1"]
[SourceVersionDate "2006.11.23"]
[SourceQuality "1"]

1. e4 d6 2. d4 Nf6 3. Nc3 g6 4. Bg5 Bg7 5. Qd2 0-0 6. f4 Na6 7. Nf3 Bg4 8. Be2 c6 9. 0-0 Qb6 10. Kh1 Bxf3 11. Bxf3 Rfe8 12. f5 Nd7 13. fxg6 hxg6 14. Ne2 f6 15. Bg4 e6 16. Bh6 Kf7 17. Rf3 Qd8 18. Raf1 Nc7 19. Rh3 Bxh6 20. Rxh6 Rh8 21. c4 Rxh6 22. Qxh6 Qh8 23. Qf4 e5 24. Qg3 Nf8 25. dxe5 dxe5 26. Qxe5 Nfe6 27. Qg3 Rd8 28. Qe3 b6 29. Bf3 c5 30. Nc3 Nd4 31. Bg4 Re8 32. Qg3 Re7 33. Qf2 Re5 34. Qf4 Nc6 35. Nd5 Nxd5 36. exd5 g5 37. Qg3 Qe8 38. dxc6 Re3 39. Qf2 Qe7 40. c7 1-0

[Event "Sandefjord MGP"]
[Site "Sandefjord"]
[Date "2003.10.17"]
[Round "1"]
[White "Areklett, Ivar"]
[Black "Nilsen, Jarle"]
[Result "1-0"]
[WhiteElo "1954"]
[BlackElo "1550"]
[PlyCount "61"]
[EventDate "2003.10.??"]
[EventType "swiss"]
[EventRounds "4"]
[EventCountry "NOR"]
[SourceTitle "EXT 2005"]
[Source "ChessBase"]
[SourceDate "2004.11.15"]
[SourceVersion "1"]
[SourceVersionDate "2004.11.15"]
[SourceQuality "1"]

1. e4 c5 2. Nf3 Nc6 3. d4 cxd4 4. Nxd4 g6 5. c4 Bg7 6. Be3 d6 7. Nc3 Nf6 8. Be2 0-0 9. 0-0 Bd7 10. Qd2 a6 11. f3 Rc8 12. Rac1 Re8 13. Rfd1 Qa5 14. b3 Nxd4 15. Bxd4 Be6 16. Kh1 Qh5 17. Be3 Qa5 18. Bd4 Qh5 19. Be3 Qa5 20. Bg5 Qb6 21. Na4 Qc7 22. Be3 Nd7 23. Qb4 Nc5 24. Nb6 a5 25. Qxa5 Nd7 26. Qb4 Nxb6 27. Bxb6 Qc6 28. a4 Ra8 29. c5 dxc5 30. Rxc5 Rxa4 31. bxa4 1-0

[Event "NOR-chT"]
[Site "Asker"]
[Date "2003.06.01"]
[Round "5"]
[White "Areklett, Ivar"]
[Black "Bjerke, Silje"]
[Result "0-1"]
[WhiteElo "2091"]
[BlackElo "2093"]
[PlyCount "90"]
[EventDate "2003.05.28"]
[EventType "team"]
[EventRounds "5"]
[EventCountry "NOR"]
[SourceTitle "CBM 094 Extra"]
[Source "ChessBase"]
[SourceDate "2003.07.09"]
[SourceVersion "2"]
[SourceVersionDate "2003.07.09"]
[SourceQuality "1"]

1. e4 e6 2. d4 d5 3. Nc3 Bb4 4. e5 c5 5. Bd2 Ne7 6. dxc5 Nbc6 7. f4 0-0 8. Nf3 f6 9. Bd3 Bxc5 10. Qe2 Nb4 11. 0-0-0 Nxd3+ 12. Qxd3 Bd7 13. g4 Nc6 14. Nxd5 Be8 15. Nc3 Qxd3 16. cxd3 Nb4 17. Ne1 Bc6 18. Ne4 Nxd3+ 19. Nxd3 Bxe4 20. Nxc5 Bxh1 21. Rxh1 Rfc8 22. b4 b6 23. Be3 bxc5 24. Bxc5 a5 25. Kb2 axb4 26. Bxb4 Rc4 27. a3 Rxf4 28. h3 Rf3 29. h4 Rg3 30. Rf1 fxe5 31. g5 Rg4 32. Re1 e4 33. g6 hxg6 34. Kc3 Rxh4 35. Kd4 Kh7 36. Ke5 Ra6 37. Re3 g5 38. Rg3 Rb6 39. Be7 Rb5+ 40. Kxe6 Rh6+ 41. Kf7 Rf5+ 42. Ke8 Kg6 43. a4 Re5 44. Re3 Kf5 45. Kd7 Ra6 0-1

[Event "Sandefjord op"]
[Site "Sandefjord"]
[Date "2002.10.12"]
[Round "3"]
[White "Areklett, Ivar"]
[Black "Hagesaether, Halvard"]
[Result "1/2-1/2"]
[WhiteElo "1906"]
[BlackElo "2179"]
[PlyCount "135"]
[EventDate "2002.10.??"]
[EventType "swiss"]
[EventRounds "5"]
[EventCountry "NOR"]
[SourceTitle "EXT 2005"]
[Source "ChessBase"]
[SourceDate "2004.11.15"]
[SourceVersion "1"]
[SourceVersionDate "2004.11.15"]
[SourceQuality "1"]

1. e4 g6 2. d4 Bg7 3. Nc3 c6 4. Bc4 d6 5. Qf3 e6 6. Bf4 Nd7 7. Bb3 Qe7 8. Nge2 e5 9. dxe5 dxe5 10. Be3 Ngf6 11. 0-0 Nc5 12. h3 0-0 13. Rfd1 Ne8 14. Bxc5 Qxc5 15. Rd8 Qe7 16. Rad1 Nc7 17. Qd3 Ne6 18. Rxf8+ Bxf8 19. Nc1 Qg5 20. N3e2 Nc5 21. Qf3 Nxb3 22. Nxb3 a5 23. Nd2 Be6 24. Nf1 Qe7 25. Ne3 Qc5 26. Ng3 Bh6 27. Ng4 Bf4 28. c3 h5 29. Nf6+ Kg7 30. Nfxh5+ gxh5 31. Nxh5+ Kf8 32. Nxf4 exf4 33. Qxf4 Qh5 34. Rd3 Re8 35. Rg3 Qd1+ 36. Kh2 Ke7 37. Qg5+ Kd7 38. Qxa5 Qd2 39. Qb6 Kc8 40. a4 Qd8 41. Qa7 Qd6 42. a5 Qb8 43. Qxb8+ Kxb8 44. b4 Ka7 45. f4 Ka6 46. Re3 c5 47. g4 cxb4 48. cxb4 Kb5 49. f5 Bc4 50. g5 Kxb4 51. h4 Kxa5 52. h5 b5 53. h6 b4 54. g6 fxg6 55. fxg6 b3 56. h7 Rh8 57. Kg3 b2 58. Re1 Kb4 59. Kg4 Bg8 60. hxg8Q Rxg8 61. Kg5 Rc8 62. Rb1 Rc2 63. e5 Kc3 64. Kf6 Rf2+ 65. Ke7 Rg2 66. Kf7 Rf2+ 67. Kg7 Re2 68. Kf6 1/2-1/2

[Event "Pelaro op"]
[Site "Pelaro"]
[Date "2002.06.09"]
[Round "2"]
[White "Areklett, Ivar"]
[Black "Kinnmark, Ove"]
[Result "0-1"]
[WhiteElo "2099"]
[BlackElo "2364"]
[PlyCount "132"]
[EventDate "2002.06.08"]
[EventType "swiss"]
[EventRounds "5"]
[EventCountry "SWE"]
[SourceTitle "EXT 2003"]
[Source "ChessBase"]
[SourceDate "2002.11.25"]
[SourceVersion "1"]
[SourceVersionDate "2002.11.25"]
[SourceQuality "1"]

1. e4 c5 2. Nf3 e6 3. d3 d5 4. Qe2 Nf6 5. g3 Nc6 6. Bg2 Be7 7. 0-0 0-0 8. e5 Nd7 9. c4 Nb6 10. Bf4 Nd4 11. Nxd4 cxd4 12. h4 Bd7 13. Nd2 Bc6 14. b3 Qd7 15. Nf3 Bc5 16. Ng5 Rfd8 17. a3 Bf8 18. Rfc1 h6 19. Nf3 dxc4 20. bxc4 Na4 21. g4 Rab8 22. g5 Nc3 23. Qd2 hxg5 24. Bxg5 Be7 25. h5 Ne2+ 26. Qxe2 Bxf3 27. Bxf3 Bxg5 28. Rcb1 b6 29. Be4 Qc7 30. Rf1 Bf4 31. Rae1 Qxe5 32. Bh7+ Kxh7 33. Qxe5 Bxe5 34. Rxe5 Rd6 35. Rfe1 Rc8 36. f4 Rcc6 37. f5 exf5 38. Rxf5 Rf6 39. Rxf6 Rxf6 40. Re7 Rf3 41. Rxa7 f6 42. Rb7 Rxd3 43. Rxb6 Rc3 44. Rc6 Rxa3 45. Rd6 Kh6 46. Rxd4 Kxh5 47. Kf2 g5 48. Ke2 g4 49. c5 Rc3 50. Rd5+ Kh4 51. Rf5 Kh3 52. Kd2 Rc4 53. Kd3 Rc1 54. Kd2 g3 55. Rxf6 Rxc5 56. Ke2 Kg2 57. Rh6 Re5+ 58. Kd2 Re4 59. Kd3 Re8 60. Rh7 Kg1 61. Rg7 g2 62. Rh7 Kf1 63. Rf7+ Ke1 64. Rg7 Re2 65. Rg8 Kf1 66. Rg7 Rf2 0-1

[Event "Pelaro op"]
[Site "Pelaro"]
[Date "2002.06.08"]
[Round "1"]
[White "Nemeth, Sebastian"]
[Black "Areklett, Ivar"]
[Result "1/2-1/2"]
[WhiteElo "1911"]
[BlackElo "2090"]
[PlyCount "68"]
[EventDate "2002.06.08"]
[EventType "swiss"]
[EventRounds "5"]
[EventCountry "SWE"]
[SourceTitle "EXT 2003"]
[Source "ChessBase"]
[SourceDate "2002.11.25"]
[SourceVersion "1"]
[SourceVersionDate "2002.11.25"]
[SourceQuality "1"]

1. d4 Nf6 2. Nf3 d6 3. c4 Nc6 4. Nc3 e5 5. dxe5 Nxe5 6. Nxe5 dxe5 7. Qxd8+ Kxd8 8. Bg5 c6 9. a3 Kc7 10. e3 Be6 11. 0-0-0 a5 12. Be2 a4 13. Bh4 Nd7 14. Bg3 f6 15. f4 Bc5 16. Rd3 Bf5 17. e4 Be6 18. f5 Bf7 19. Nb1 Nb6 20. Rc3 Rhd8 21. Be1 Rd7 22. Nd2 Rad8 23. Nf3 Bd4 24. c5 Nc8 25. Nxd4 Rxd4 26. Bf3 Bb3 27. Bf2 Rd2 28. Be3 R2d7 29. Be2 Na7 30. Kb1 Nb5 31. Rcc1 Nd4 32. Bc4 Kc8 33. Rc3 Nb5 34. Rcc1 Nd4 1/2-1/2

[Event "ASKOs Pinseturnering-A"]
[Site "Blindern"]
[Date "2002.05.19"]
[Round "4"]
[White "Stokke, Kjetil"]
[Black "Areklett, Ivar"]
[Result "1-0"]
[WhiteElo "2041"]
[BlackElo "1910"]
[PlyCount "87"]
[EventDate "2002.05.18"]
[EventType "swiss"]
[EventRounds "6"]
[EventCountry "NOR"]
[SourceTitle "EXT 2006"]
[Source "ChessBase"]
[SourceDate "2005.11.24"]
[SourceVersion "1"]
[SourceVersionDate "2005.11.24"]
[SourceQuality "1"]

1. d4 Nf6 2. Nf3 d6 3. Nc3 Nbd7 4. Bf4 c5 5. d5 b5 6. Nxb5 Qb6 7. Qd3 a6 8. Na3 Qxb2 9. Rb1 Qxa2 10. c4 Rb8 11. Rxb8 Nxb8 12. Bc1 g6 13. e4 Qa1 14. Kd1 Bh6 15. Nd2 Bxd2 16. Kxd2 Nbd7 17. f3 0-0 18. Kc2 Qa2+ 19. Bb2 Ne5 20. Qb3 Qxb3+ 21. Kxb3 Bd7 22. Bxe5 dxe5 23. Bd3 Rb8+ 24. Kc3 e6 25. Ra1 Kf8 26. Nc2 Rb6 27. Ra5 exd5 28. exd5 Bf5 29. Bxf5 gxf5 30. Rxc5 f4 31. Ra5 e4 32. fxe4 Nxe4+ 33. Kd4 Nd2 34. Ra2 f3 35. gxf3 Nxf3+ 36. Kc5 Rh6 37. Nb4 Rxh2 38. Rxa6 h5 39. Ra8+ Kg7 40. d6 Rd2 41. Nd5 h4 42. d7 Ng5 43. Rg8+ Kh6 44. Rxg5 1-0

[Event "ASKO Club Championship"]
[Site "Oslo"]
[Date "2002.04.07"]
[Round "4"]
[White "Carlsen, Magnus"]
[Black "Areklett, Ivar"]
[Result "1-0"]
[WhiteElo "2163"]
[BlackElo "2099"]
[PlyCount "73"]
[EventDate "2002.04.06"]
[EventType "swiss"]
[EventRounds "6"]
[EventCountry "NOR"]
[SourceTitle "EXT 2023"]
[Source "ChessBase"]
[SourceDate "2022.10.05"]
[SourceVersion "1"]
[SourceVersionDate "2022.10.05"]
[SourceQuality "1"]

1. e4 c5 2. Nf3 d6 3. d4 Nf6 4. Nc3 cxd4 5. Nxd4 a6 6. Be3 e5 7. Nb3 Be6 8. f3 Be7 9. Qd2 0-0 10. g4 b5 11. 0-0-0 Nbd7 12. g5 Nh5 13. h4 Nb6 14. Nd5 Bxd5 15. exd5 Rc8 16. Na5 Nxd5 17. Qxd5 Qxa5 18. Bd3 Rc7 19. Kb1 g6 20. c4 Rfc8 21. cxb5 axb5 22. Qxb5 Qxb5 23. Bxb5 Rb8 24. a4 f5 25. Rc1 Rcb7 26. Rc2 f4 27. Bf2 Kg7 28. Bc6 Rb3 29. a5 Ng3 30. Rhc1 d5 31. a6 Ba3 32. a7 Rxb2+ 33. Rxb2 Rxb2+ 34. Ka1 Rxf2 35. a8Q Bxc1 36. Bxd5 Bb2+ 37. Kb1 1-0

[Event "NOR-ch op"]
[Site "Oslo"]
[Date "2002.03.27"]
[Round "6"]
[White "Saether, Oystein"]
[Black "Areklett, Ivar"]
[Result "1-0"]
[WhiteElo "2169"]
[BlackElo "2099"]
[PlyCount "93"]
[EventDate "2002.03.23"]
[EventType "swiss"]
[EventRounds "9"]
[EventCountry "NOR"]
[SourceTitle "CBM 087 Extra"]
[Source "ChessBase"]
[SourceDate "2002.05.03"]
[SourceVersion "2"]
[SourceVersionDate "2002.08.09"]
[SourceQuality "1"]

1. d4 Nf6 2. Nf3 d6 3. g3 g6 4. Bg2 Bg7 5. 0-0 0-0 6. b3 Bg4 7. h3 Bf5 8. Bb2 Nc6 9. c4 Re8 10. d5 Nb4 11. a3 Bxb1 12. Rxb1 Na6 13. Ng5 Rb8 14. Bd4 Nc5 15. b4 Ncd7 16. f4 e5 17. dxe6 fxe6 18. Bxa7 Ra8 19. Bf2 h6 20. Ne4 Rxa3 21. Nxf6+ Qxf6 22. Bxb7 g5 23. e3 Nb6 24. Rb3 Nxc4 25. Rxa3 Nxa3 26. Qa4 Rb8 27. Qxa3 gxf4 28. exf4 Qc3 29. Qa7 Rf8 30. Be4 Qxb4 31. Bb1 Qc3 32. Qa2 d5 33. Qe2 e5 34. Qg4 e4 35. Qe6+ Kh8 36. Qxd5 e3 37. Be1 Qd4 38. Qe6 Rb8 39. Qf5 Rxb1 40. Qxb1 e2+ 41. Rf2 Qd1 42. Qb4 Bd4 43. Qd2 h5 44. Kg2 Bxf2 45. Kxf2 h4 46. g4 Qb3 47. Qc3+ 1-0

[Event "NOR-ch op"]
[Site "Oslo"]
[Date "2001.04.12"]
[Round "7"]
[White "Areklett, Ivar"]
[Black "Hagesaether, Arne"]
[Result "0-1"]
[WhiteElo "2069"]
[BlackElo "2187"]
[PlyCount "100"]
[EventDate "2001.04.07"]
[EventType "swiss"]
[EventRounds "9"]
[EventCountry "NOR"]
[SourceTitle "CBM 081 Extra"]
[Source "ChessBase"]
[SourceDate "2001.05.06"]
[SourceVersion "1"]
[SourceVersionDate "2001.05.06"]
[SourceQuality "1"]

1. c4 c5 2. Nc3 g6 3. g3 Bg7 4. Bg2 Nf6 5. Nf3 0-0 6. 0-0 Nc6 7. Rb1 d5 8. cxd5 Nxd5 9. a3 Bf5 10. Ra1 Nxc3 11. dxc3 Qb6 12. Nh4 Rad8 13. Qa4 Be6 14. Bg5 Bb3 15. Qe4 Bd5 16. Qg4 Ne5 17. Qh3 Rd7 18. f4 Be6 19. f5 Bc4 20. Be4 Bxe2 21. fxg6 hxg6 22. Nf5 gxf5 23. Bxf5 c4+ 24. Rf2 Rfd8 25. Qh7+ Kf8 26. Kg2 Qc6+ 27. Be4 Bd3 28. Bxc6 Bxh7 29. Bxd7 Rxd7 30. Rf4 Rd2+ 31. Rf2 Be4+ 32. Kg1 Rd3 33. Bf4 Ng6 34. Bb8 a6 35. Raf1 Bd5 36. Ba7 Be5 37. Bc5 Bc7 38. Bd4 Ke8 39. Re2 Kd7 40. Rf5 Kc6 41. Kf2 Bd6 42. Re3 Rd1 43. Re1 Rxe1 44. Kxe1 e5 45. Be3 Be6 46. Rf6 Kd5 47. Kf2 Be7 48. Bg5 Bxf6 49. Bxf6 Ke4 50. h4 Bg4 0-1

[Event "NOR-ch op"]
[Site "Oslo"]
[Date "2001.04.11"]
[Round "6"]
[White "Solem, Trond"]
[Black "Areklett, Ivar"]
[Result "1-0"]
[WhiteElo "2185"]
[BlackElo "2069"]
[PlyCount "93"]
[EventDate "2001.04.07"]
[EventType "swiss"]
[EventRounds "9"]
[EventCountry "NOR"]
[SourceTitle "CBM 081 Extra"]
[Source "ChessBase"]
[SourceDate "2001.05.06"]
[SourceVersion "1"]
[SourceVersionDate "2001.05.06"]
[SourceQuality "1"]

1. d4 Nf6 2. Nc3 e6 3. e4 d5 4. Bg5 Bb4 5. e5 h6 6. Bd2 Bxc3 7. bxc3 Ne4 8. Qg4 g6 9. Nf3 c5 10. Bd3 Nxd2 11. Kxd2 Nc6 12. h4 Qe7 13. Rab1 b6 14. Qf4 Bd7 15. dxc5 Qxc5 16. Nd4 Nxd4 17. Qxd4 Rc8 18. f4 h5 19. Rbg1 Ke7 20. g4 Bb5 21. f5 Bxd3 22. f6+ Kd7 23. Qxc5 Rxc5 24. cxd3 Ra5 25. gxh5 Rxa2+ 26. Ke3 Rxh5 27. Rg5 a5 28. Rxh5 gxh5 29. Rg1 Rh2 30. Rg7 Rh3+ 31. Kd2 Ke8 32. Rg8+ Kd7 33. Rf8 Rxh4 34. Rxf7+ Kc6 35. Re7 Rf4 36. Rxe6+ Kd7 37. Rxb6 h4 38. Ke3 Rf1 39. Rb7+ Ke6 40. Re7+ Kf5 41. f7 Kg6 42. e6 h3 43. Re8 h2 44. Rh8 Kg7 45. Rxh2 Re1+ 46. Re2 Rf1 47. Kd4 1-0

[Event "NOR-ch op"]
[Site "Oslo"]
[Date "2001.04.08"]
[Round "2"]
[White "Johannessen, Leif Erlend"]
[Black "Areklett, Ivar"]
[Result "1/2-1/2"]
[WhiteElo "2407"]
[BlackElo "2069"]
[PlyCount "138"]
[EventDate "2001.04.07"]
[EventType "swiss"]
[EventRounds "9"]
[EventCountry "NOR"]
[SourceTitle "CBM 081 Extra"]
[Source "ChessBase"]
[SourceDate "2001.05.06"]
[SourceVersion "1"]
[SourceVersionDate "2001.05.06"]
[SourceQuality "1"]

1. d4 Nf6 2. c4 Nc6 3. Nf3 d6 4. Nc3 e5 5. d5 Ne7 6. e4 Ng6 7. g3 Be7 8. h4 0-0 9. h5 Nh8 10. Nh4 Ne8 11. Be3 Bxh4 12. Rxh4 f5 13. exf5 Bxf5 14. Bd3 Bxd3 15. Qxd3 Nf6 16. 0-0-0 Nf7 17. h6 g6 18. f3 b6 19. Qd2 Qe7 20. Re1 Rae8 21. Rhh1 e4 22. fxe4 Ne5 23. Qe2 Nfg4 24. Bf4 Nf2 25. Bxe5 Nxh1 26. Bg7 Qg5+ 27. Kb1 Rf2 28. Qd1 Nxg3 29. Bd4 Rf7 30. Be3 Qe5 31. Bd4 Qf4 32. Qd3 Rfe7 33. e5 dxe5 34. Be3 Qf5 35. Qxf5 Nxf5 36. Ne4 Nxe3 37. Nf6+ Kf7 38. Nxe8 Ng2 39. Rg1 Kxe8 40. Rxg2 Rf7 41. Kc2 Ke7 42. Kd3 Rf4 43. b3 Kf6 44. Rh2 Kf5 45. Ke3 g5 46. Rc2 Rh4 47. Rf2+ Rf4 48. Rc2 g4 49. c5 Rf3+ 50. Ke2 Rh3 51. cxb6 cxb6 52. Rc6 e4 53. Re6 Rh2+ 54. Kf1 Rd2 55. Re7 Rxd5 56. Rxh7 Kg6 57. Rg7+ Kxh6 58. Rxg4 Rd2 59. Rxe4 Rxa2 60. Ke1 Kg5 61. Kd1 Kf5 62. Re7 Rb2 63. Rxa7 Rxb3 64. Kc2 Rb5 65. Re7 Re5 66. Rxe5+ Kxe5 67. Kb3 Kd5 68. Kb4 Kc6 69. Kc4 b5+ 1/2-1/2